| 000 | 01019nmm a2200349 a 4500 | ||
|---|---|---|---|
| 003 | AR-BaBNM | ||
| 005 | 20251128202958.0 | ||
| 008 | 118019s1991 ||||||||||||||000 | spa|| | ||
| 020 | _a950-508-343-2 | ||
| 040 | _cAR-BaBNM | ||
| 100 | 1 | _aDromi, José Roberto | |
| 245 | 1 | 0 |
_aReforma del estado y privatizaciones _bintroducción, notas y texto ordenado por José Roberto Dromi |
| 260 |
_aBuenos Aires _bAstrea _c1991 |
||
| 300 | 0 | _a3 v. | |
| 505 | _tLegislación y jurisprudencia | ||
| 505 | _tPliegos y condiciones | ||
| 505 | _tContratos | ||
| 650 | 4 | _aESTADO | |
| 650 | 4 | _aPOLITICA ARGENTINA | |
| 650 | 4 | _aRACIONALIZACION | |
| 650 | 4 | _aGOBIERNO MUNICIPAL | |
| 650 | 4 | _aGOBIERNO LOCAL | |
| 650 | 4 | _aREFORMA DEL ESTADO | |
| 651 | 4 | _aArgentina | |
| 653 | 0 | _aPRIVATIZACIONES | |
| 700 | 1 |
_aBarra, Rodolfo _ecolaborador |
|
| 700 | 1 |
_aCassagne, Juan Carlos _ecolaborador |
|
| 700 | 1 |
_aCreo Bay, Horacio _ecolaborador |
|
| 700 | 1 |
_aMairal, Héctor A. _ecolaborador |
|
| 942 | _cBK | ||
| 998 | _cCARMEN | ||
| 999 |
_c1342 _d1342 |
||